The psychology of flight training /

Bibliographic Details
Main Author: Telfer, Ross, 1937-
Other Authors: Biggs, John B. (John Burville)
Format: Book
Language:English
Published: Ames : Iowa State University Press, 1988.
Edition:1st ed.
Subjects:

MARC

Tag First Indicator Second Indicator Subfields
LEADER 00000cam a22000008a 4500
001 in00000026137
005 20151007055823.0
008 871001s1988 iaua b s00110 eng
010 |a  87029952  
020 |a 0813813476 
035 |a (OCoLC)16925657 
035 |9 AAB9359AM 
040 |a DLC  |c DLC  |d TXA  |d UtOrBLW 
049 |a TXAM  |c [A11075057] 
050 0 0 |a TL712  |b .T43 1988 
082 0 |a 629.132/52/071  |2 19 
100 1 |a Telfer, Ross,  |d 1937- 
245 1 4 |a The psychology of flight training /  |c Ross Telfer, John Biggs. 
250 |a 1st ed. 
263 |a 8802 
264 1 |a Ames :  |b Iowa State University Press,  |c 1988. 
300 |a ix, 167 pages :  |b illustrations 
336 |a text  |b txt  |2 rdacontent 
337 |a unmediated  |b n  |2 rdamedia 
338 |a volume  |b nc  |2 rdacarrier 
504 |a Includes bibliographies and indexes. 
650 0 |a Flight training  |x Psychological aspects. 
700 1 |a Biggs, John B.  |q (John Burville) 
999 |a MARS 
999 f f |s 68893785-75c5-36e5-bbde-19d4712222de  |i 10a19d2e-51c3-3d58-9e19-3999b1a06ab4  |t 0 
952 f f |p normal  |a Texas A&M University  |b College Station  |c Sterling C. Evans Library  |d Evans: Library Stacks  |t 0  |e TL712 .T43 1988  |h Library of Congress classification  |i unmediated -- volume  |m A14822392292 
998 f f |a TL712 .T43 1988  |t 0  |l Evans: Library Stacks